small-scale postharvest handling practices a manual for horticultural crops (Record no. 8742)

000 -LEADER
fixed length control field 00286nam a22001217a 4500
040 ## - CATALOGING SOURCE
Transcribing agency SK
082 ## - DEWEY DECIMAL CLASSIFICATION NUMBER
Classification number 635
100 ## - MAIN ENTRY--AUTHOR NAME
Personal name KITINOJA LISA
245 ## - TITLE STATEMENT
Title small-scale postharvest handling practices a manual for horticultural crops
260 ## - PUBLICATION, DISTRIBUTION, ETC. (IMPRINT)
Place of publication RUA
Name of publisher KIT
Year of publication 2003
300 ## - PHYSICAL DESCRIPTION
Number of Pages 258p.
942 ## - ADDED ENTRY ELEMENTS (KOHA)
Koha item type សៀវភៅភាសាអង់គ្លេស
952 ## - LOCATION AND ITEM INFORMATION (KOHA)
Withdrawn status [LOCAL, KOHA] 0
Holdings
Permanent Location Date acquired Koha item type Lost status Shelving location Barcode Current Location Full call number
Library Block C2016-08-11សៀវភៅភាសាអង់គ្លេស C244RUA045210Library Block C635 KIT 2003 C244
មជ្ឈមណ្ឌលឯការនៃសាកលវិទ្យាល័យភូមិន្ទកសិកម្មចំការដូង

Powered by Koha